LIBRARY & INFORMATION CENTRE, KCAET, TAVANUR

ONLINE PUBLIC ACCESS CATALOGUE (OPAC)

Yugvani / (Record no. 8216)

MARC details
000 -LEADER
fixed length control field 00270cam a2200121ua 4500
082 ## - DEWEY DECIMAL CLASSIFICATION NUMBER
Classification number 891.54
Item number SUM/YU
100 ## - MAIN ENTRY--AUTHOR NAME
Personal name Sumitrananda, Pant.
245 ## - TITLE STATEMENT
Title Yugvani /
250 ## - EDITION STATEMENT
Edition statement 5 /
260 ## - PUBLICATION, DISTRIBUTION, ETC. (IMPRINT)
Place of publication Delhi :
Name of publisher Rajkamal Prakash ,
Year of publication 1964.
300 ## - PHYSICAL DESCRIPTION
Number of Pages 119 ; .
942 ## - ADDED ENTRY ELEMENTS (KOHA)
Koha item type Books
Holdings
Withdrawn status Lost status Damaged status Home library Current library Date acquired Full call number Accession Number Koha item type Public note
Withdrawn     KAUAET Sanskrit University 07/04/2012 891.54 SUM/YU 6357 Books Transferred to Sanskrit University
Withdrawn     KAUAET Sanskrit University 07/04/2012 891.54 SUM/YU 2026 Books  
free website counter